000
00288nam a22001097a 4500
008
160510b xxu||||| |||| 00| 0 eng d
020
_a
0199271992
041
_a
eng
080
_a
577
245
_a
Biochemistry and molecular biology:
_c
William H. Elliot; Daphne C. Elliott;
942
_2
udc
_c
BK
999
_c
1954
_d
1954